Statistics for Guess the rapper by picture

Click here to take the quiz!

General Stats

  • This quiz has been taken 67 times
  • The average score is 12 of 16

Answer Stats

Answer% Correct
Snoop Dogg
100%
Drake
98%
Kanye West
98%
Eminem
93%
Notorious B.I.G.G.I.E
91%
Kendrick Lamar
81%
J. Cole
78%
Tyler, The Creator
76%
Dr. Dre
74%
21 Savage
70%
Future
70%
Lil Durk
67%
Eazy-E
63%
Polo G
63%
Frank Ocean
56%
Gunna
50%

Score Distribution

Percentile by Number Answered

Percent of People with Each Score

Your Score History

You have not taken this quiz